[Event "Steinfurt Bezirksliga 0607"]
[Site "Germany"]
[Date "2007.04.28"]
[Round "9.8"]
[White "Cremann, Markus"]
[Black "Sieker, Hans"]
[Result "1/2-1/2"]
[WhiteElo "1545"]
[BlackElo "1556"]
[PlyCount "140"]
[EventDate "2006.09.09"]
[EventType "team-tourn"]
[EventRounds "9"]
[EventCountry "GER"]
[SourceTitle "EXT 2008"]
[Source "ChessBase"]
[SourceDate "2007.11.25"]
[SourceVersion "1"]
[SourceVersionDate "2007.11.25"]
[SourceQuality "1"]
[WhiteTeam "Rheine CC"]
[BlackTeam "Rheine Klein Berlin II"]
[WhiteTeamCountry "GER"]
[BlackTeamCountry "GER"]

1. e4 c5 2. f4 e6 3. Nf3 d5 4. e5 Be7 5. c3 Nh6 6. d4 Nf5 7. Bd3 Nh4 8. 0-0 Nc6 9. Nxh4 Bxh4 10. dxc5 a5 11. Na3 Be7 12. Be3 Bd7 13. Nb5 0-0 14. Qh5 g6 15. Qh6 f5 16. Nd6 Kh8 17. Rf3 Bxd6 18. cxd6 Rf7 19. Rg3 Qg8 20. h4 Qg7 21. Qg5 Rg8 22. Rh3 h5 23. Rd1 Kh7 24. Bb6 Qh6 25. Qg3 a4 26. Qf2 Qf8 27. Bb5 Nxe5 28. fxe5 Bxb5 29. Qc5 Qe8 30. Rd4 Qc6 31. Rb4 Qxc5+ 32. Bxc5 Bc6 33. c4 Ra8 34. cxd5 Bxd5 35. Rd3 Bc6 36. Rbd4 Rd7 37. Bb6 Kg7 38. Kf2 Ra6 39. Bc7 Kf7 40. g3 Ra8 41. Ke3 Ra6 42. Rc3 Ra8 43. Rc5 Ra6 44. Kd2 Bd5 45. a3 Ke8 46. Rdxd5 exd5 47. e6 Rdxd6 48. Bxd6 Rxd6 49. Rb5 b6 50. Kc3 Ke7 51. Rb4 Rc6+ 52. Kd3 Kxe6 53. Rxa4 Ke5 54. Ra8 f4 55. Re8+ Kf5 56. Rf8+ Kg4 57. Rxf4+ Kxg3 58. Rb4 Rf6 59. b3 Rf3+ 60. Ke2 Rf4 61. Rxb6 Rxh4 62. Rxg6+ Kh3 63. Rg5 Re4+ 64. Kf3 h4 65. Rxd5 Re1 66. Rh5 Ra1 67. Ra5 Kh2 68. a4 h3 69. Kf2 Ra2+ 70. Kf1 Ra1+ 1/2-1/2